Countries With High-Elevation Settlements - Statistics

General Stats
  • This quiz has been taken 20 times
  • The average score is 15 of 16
Answer Stats
Hint Answer % Correct
La Quiaca Argentina
100%
La Paz Bolivia
100%
Shangri-La City China
100%
Túquerres Colombia
100%
Cañar Ecuador
100%
Cerro La Calera Mexico
100%
Huancayo Peru
100%
Leadville United States
100%
Eshkashem Afghanistan
94%
Colchane Chile
94%
Leh India
94%
Namche Bazar Nepal
94%
Laya Bhutan
88%
Ixchiguán Guatemala
88%
Murghab Tajikistan
71%
Beoga Indonesia
59%
No matching quizzes found
Score Distribution
Percent of People with Each Score
Percentile by Number Answered
Your Score History
You have not taken this quiz